| Record ID | ia:michelangelo0000vecc |
| Source | Internet Archive |
| Download MARC XML | https://archive.org/download/michelangelo0000vecc/michelangelo0000vecc_marc.xml |
| Download MARC binary | https://www.archive.org/download/michelangelo0000vecc/michelangelo0000vecc_meta.mrc |
LEADER: 00752cam 2200265Mi 4500
001 ocn655638202
003 OCoLC
005 20200713211909.0
008 060706s1990 xx a 000 0 eng d
040 $aUNITY$beng$cUNITY$dOCLCQ
020 $a1840131578
020 $a9781840131574
035 $a(OCoLC)655638202
082 04 $a759.5
100 1 $aVecchi, Pierluigi de.
245 10 $aMichelangelo.
260 $a[Place of publication not identified] :$bGrange Books,$c1990.
300 $a160 pages :$billustrations
336 $atext$btxt$2rdacontent
337 $aunmediated$bn$2rdamedia
338 $avolume$bnc$2rdacarrier
029 0 $aUNITY$b066696828
029 1 $aCBK$b066696828
994 $aZ0$bP4A
948 $hNO HOLDINGS IN P4A - 8 OTHER HOLDINGS